NBA Rebounding Champions - Statistics

General Stats
  • This quiz has been taken 71 times
  • The average score is 62 of 75
Answer Stats
Season Team Player % Correct
1991-92 Detroit Pistons Dennis Rodman
97%
1992-93 Detroit Pistons Dennis Rodman
97%
1993-94 San Antonio Spurs Dennis Rodman
97%
1994-95 San Antonio Spurs Dennis Rodman
97%
1995-96 Chicago Bulls Dennis Rodman
97%
1996-97 Chicago Bulls Dennis Rodman
97%
1997-98 Chicago Bulls Dennis Rodman
97%
2007-08 Orlando Magic Dwight Howard
97%
2008-09 Orlando Magic Dwight Howard
97%
2009-10 Orlando Magic Dwight Howard
97%
2011-12 Orlando Magic Dwight Howard
97%
2012-13 Los Angeles Lakers Dwight Howard
97%
2003-04 Minnesota Timberwolves Kevin Garnett
97%
2004-05 Minnesota Timberwolves Kevin Garnett
97%
2005-06 Minnesota Timberwolves Kevin Garnett
97%
2006-07 Minnesota Timberwolves Kevin Garnett
97%
1957-58 Boston Celtics Bill Russell
95%
1958-59 Boston Celtics Bill Russell
95%
1963-64 Boston Celtics Bill Russell
95%
1964-65 Boston Celtics Bill Russell
95%
1959-60 Philadelphia Warriors Wilt Chamberlain
95%
1960-61 Philadelphia Warriors Wilt Chamberlain
95%
1961-62 Philadelphia Warriors Wilt Chamberlain
95%
1962-63 San Francisco Warriors Wilt Chamberlain
95%
1965-66 Philadelphia 76ers Wilt Chamberlain
95%
1966-67 Philadelphia 76ers Wilt Chamberlain
95%
1967-68 Philadelphia 76ers Wilt Chamberlain
95%
1968-69 Los Angeles Lakers Wilt Chamberlain
95%
1970-71 Los Angeles Lakers Wilt Chamberlain
95%
1971-72 Los Angeles Lakers Wilt Chamberlain
95%
1972-73 Los Angeles Lakers Wilt Chamberlain
95%
2001-02 Detroit Pistons Ben Wallace
93%
2002-03 Detroit Pistons Ben Wallace
93%
1988-89 Houston Rockets Hakeem Olajuwon
93%
1989-90 Houston Rockets Hakeem Olajuwon
93%
1978-79 Houston Rockets Moses Malone
92%
1980-81 Houston Rockets Moses Malone
92%
1981-82 Houston Rockets Moses Malone
92%
1982-83 Philadelphia 76ers Moses Malone
92%
1983-84 Philadelphia 76ers Moses Malone
92%
1984-85 Philadelphia 76ers Moses Malone
92%
2021-22 Utah Jazz Rudy Gobert
92%
1976-77 Portland Trail Blazers Bill Walton
90%
1990-91 San Antonio Spurs David Robinson
90%
2022-23 Sacramento Kings Domantas Sabonis
90%
2023-24 Sacramento Kings Domantas Sabonis
90%
2024-25 Sacramento Kings Domantas Sabonis
90%
2013-14 Los Angeles Clippers DeAndre Jordan
87%
2014-15 Los Angeles Clippers DeAndre Jordan
87%
1974-75 Washington Bullets Wes Unseld
87%
1999-00 Atlanta Hawks Dikembe Mutombo
83%
2000-01 Philadelphia 76ers Dikembe Mutombo
83%
1952-53 Minneapolis Lakers George Mikan
83%
1975-76 Los Angeles Lakers Kareem Abdul-Jabbar
83%
1977-78 New Orleans Jazz Truck Robinson
82%
2015-16 Detroit Pistons Andre Drummond
80%
2017-18 Detroit Pistons Andre Drummond
80%
2018-19 Detroit Pistons Andre Drummond
80%
2019-20 Cleveland Cavaliers Andre Drummond
80%
2010-11 Minnesota Timberwolves Kevin Love
78%
1955-56 St. Louis Hawks Bob Pettit
77%
1998-99 Sacramento Kings Chris Webber
77%
1969-70 San Diego Rockets Elvin Hayes
72%
1973-74 Capital Bullets Elvin Hayes
72%
1985-86 Detroit Pistons Bill Laimbeer
70%
2020-21 Atlanta Hawks Clint Capela
70%
1986-87 Philadelphia 76ers Charles Barkley
65%
2016-17 Miami Heat Hassan Whiteside
60%
1950-51 Syracuse Nationals Dolph Schayes
47%
1954-55 Philadelphia Warriors Neil Johnston
25%
1956-57 Rochester Royals Maurice Stokes
15%
1987-88 Los Angeles Clippers Michael Cage
10%
1979-80 San Diego Clippers Swen Nater
5%
1951-52 Fort Wayne Pistons Larry Foust
3%
1953-54 New York Knicks Harry Gallatin
2%
No matching quizzes found
Score Distribution
Percent of People with Each Score
Percentile by Number Answered
Your Score History
You have not taken this quiz